<?xml version="1.0" encoding="UTF-8"?>
<collection xmlns="http://www.loc.gov/MARC21/slim">
 <record>
  <leader>02041nam a2200205Ia 4500</leader>
  <controlfield tag="001">CTU_144</controlfield>
  <controlfield tag="008">210402s9999    xx            000 0 und d</controlfield>
  <datafield tag="082" ind1=" " ind2=" ">
   <subfield code="a">895.9223008</subfield>
  </datafield>
  <datafield tag="082" ind1=" " ind2=" ">
   <subfield code="b">T527/T7</subfield>
  </datafield>
  <datafield tag="245" ind1=" " ind2="0">
   <subfield code="a">Tuyển tập truyện ngắn Việt Nam chọn lọc</subfield>
  </datafield>
  <datafield tag="245" ind1=" " ind2="0">
   <subfield code="b">Trọn bộ 8 tập</subfield>
  </datafield>
  <datafield tag="245" ind1=" " ind2="0">
   <subfield code="c">Tuyển tập truyện ngắn Việt Nam chọn lọc, Lữ Huy Nguyên</subfield>
  </datafield>
  <datafield tag="260" ind1=" " ind2=" ">
   <subfield code="a">Hà Nội</subfield>
  </datafield>
  <datafield tag="260" ind1=" " ind2=" ">
   <subfield code="b">Văn học</subfield>
  </datafield>
  <datafield tag="260" ind1=" " ind2=" ">
   <subfield code="c">1996</subfield>
  </datafield>
  <datafield tag="520" ind1=" " ind2=" ">
   <subfield code="a">Trịnh Đình Khôi: Phong lan đỏ; Lê Minh Khuê: Cơn mưa cuối mùa; Nguyễn Kiên: Tiểu thuyết về những em bé; Lê Tri Kỷ: O tôi; Chu Lai: Phố nhà binh( truyện đã được chuyển tành phim với tựa đề &quot; Người Hà Nội &quot; ); Lý Lan: Ngựa ô; Nguyễn Quang Lập: Tiếng lục lạc; Ngô Tự Lập: Bão lạc mùa; Cao Tiến Lê: Tiếng đêm; Đà Linh: Pắc pắc; Hà Khánh Linh: Chim hạc đen; Nguyễn Thành Long: Hạnh Nhơn; Tường Long: Con gà què; Thái Bá Lợi: Lòng cha; Hoàng Tố Mai: Này áo xanh cổ trắng; Trần Thùy Mai: Thị trấn hoa quì vàng; Lưu Sơn Minh: Bến trần gian; Chu Văn Mười: Khúc dân ca miền biển; Vũ Tú Nam: Mùa xuân tiếng chim; Nam Ninh: Căn nhà ở phố; Hồng Nhu: Vịt trời lông tía bay về; Dạ Ngân: Con chó nhỏ và vụ li hôn; Vũ Cao Phan: Ngày cuối cùng của chiến tranh; Trần Duy Phiên: Ngõ đạo miền hoang dã; Hiền Phương: Tiếng rừng; Huy Phương: Hoa nở đêm; Thanh Quế: Mai; Lý Văn Sâm: Người thổi sáo ở bến xuân; Nguyễn Quang Sáng: Người đàn bà đức hạnh</subfield>
  </datafield>
  <datafield tag="650" ind1=" " ind2=" ">
   <subfield code="a">short stories, vietnamese,vietnamese literature</subfield>
  </datafield>
  <datafield tag="650" ind1=" " ind2=" ">
   <subfield code="x">collections</subfield>
  </datafield>
  <datafield tag="650" ind1=" " ind2=" ">
   <subfield code="y">20th century</subfield>
  </datafield>
  <datafield tag="980" ind1=" " ind2=" ">
   <subfield code="a">Trung tâm Học liệu Trường Đại học Cần Thơ</subfield>
  </datafield>
 </record>
</collection>
